00582nam a2200181Ia 4500952012700000999001300127003000400140005001700144008004100161040000900202082001800211100002900229245005000258260003100308300000800339650001100347942004200358 00102ddc40708FICaMESbMEScARBd2019-02-20g40.00l0o892.73 NUS/Kp30289r2019-02-20 00:00:00w2019-02-20yBKzGR5R4 c689d689OSt20210914111501.0190216s9999||||xx |||||||||||||| ||und|| coclc a892.73bNUS/K aNusri, Abdul Wahab98856 0aQisasun Fukahiyyah /c Abdul Wahab Al Nasree bArab Net,aCalicut:c2004. a63p aArabic cBK2ddch892.73iNUS/Kk892.73mNUS/K